What time is it, Mr. Crocodile? / (Record no. 2214)

MARC details
000 -LEADER
fixed length control field 01028cam a2200313 a 4500
005 - DATE AND TIME OF LATEST TRANSACTION
control field 20231110105342.0
020 ## - INTERNATIONAL STANDARD BOOK NUMBER
International Standard Book Number 0152164456
020 ## - INTERNATIONAL STANDARD BOOK NUMBER
International Standard Book Number 9780545004923
040 ## - CATALOGING SOURCE
Original cataloging agency DLC
Transcribing agency DLC
Modifying agency DLC
Language of cataloging eng
050 00 - LIBRARY OF CONGRESS CALL NUMBER
Classification number PZ8.S577
Item number Wh 2004
082 00 - DEWEY DECIMAL CLASSIFICATION NUMBER
Classification number 823.914
Edition number 21
100 1# - MAIN ENTRY--PERSONAL NAME
Personal name Sierra, Judy
245 10 - TITLE STATEMENT
Title What time is it, Mr. Crocodile? /
Statement of responsibility, etc. Judy Sierra ; illustrated by Doug Cushman.
246 3# - VARYING FORM OF TITLE
Title proper/short title What time is it, Mister Crocodile?
250 ## - EDITION STATEMENT
Edition statement First Scholastic printing, April 2007
260 ## - PUBLICATION, DISTRIBUTION, ETC.
Place of publication, distribution, etc. New York :
Name of publisher, distributor, etc. Scholastic,
Date of publication, distribution, etc. 2004
300 ## - PHYSICAL DESCRIPTION
Extent 29 unnumbered pages :
Other physical details illustrations
Dimensions 25 cm
505 ## - FORMATTED CONTENTS NOTE
Formatted contents note H
520 ## - SUMMARY, ETC.
Summary, etc. Mr. Crocodile's plans to catch and eat some pesky monkeys do not work out and he becomes friends with them instead.
521 ## - TARGET AUDIENCE NOTE
Target audience note 490
Source Lexile
521 ## - TARGET AUDIENCE NOTE
Target audience note H
Source Raz-Plus
650 #1 - SUBJECT ADDED ENTRY--TOPICAL TERM
Topical term or geographic name entry element Crocodiles
Form subdivision Fiction.
650 #1 - SUBJECT ADDED ENTRY--TOPICAL TERM
Topical term or geographic name entry element Monkeys
Form subdivision Fiction.
650 #1 - SUBJECT ADDED ENTRY--TOPICAL TERM
Topical term or geographic name entry element Stories in rhyme.
700 1# - ADDED ENTRY--PERSONAL NAME
Personal name Cushman, Doug
Relator term illustrator
906 ## - LOCAL DATA ELEMENT F, LDF (RLIN)
a 7
b cbc
c orignew
d 1
e ecip
f 20
g y-gencatlg
942 ## - ADDED ENTRY ELEMENTS (KOHA)
Source of classification or shelving scheme Dewey Decimal Classification
Koha item type Books
Suppress in OPAC No
999 ## -
-- 2214
-- 2214
Holdings
Withdrawn status Lost status Source of classification or shelving scheme Damaged status Not for loan Collection Home library Current library Shelving location Date acquired Total Checkouts Full call number Barcode Date last seen Date last checked out Price effective from Koha item type
    Dewey Decimal Classification     Juvenile Fiction Footprints International School Library Network Toul Kork Campus Footprints International School Library Network Toul Kork Campus TK Primary Library Room(4th Floor), Bookcase 1&2, Shelves 1-16, Dark Blue Books 11/10/2023 1 SIE 823.914 PZ8.S577 FISTK00683 09/04/2024 08/28/2024 11/10/2023 Books